000 01172nam a2200241Ia 4500
999 _c52652
_d52652
001 19676
003 GE_BSU
005 20200321202100.0
008 181216s1984||||ge |||||||||||||| ||geo||
040 _cGE_BSU
041 _ageo
080 _a811.353.1'282 შ-21
100 _aშანიძე, აკაკი
_95491
245 _aთხზულებანი თორმეტ ტომად = Сочинения в двенадцати томах : ტომი I :
_bქართული კოლოები მთაში /
_cაკაკი შანიძე ; რედ. შოთა ძიძიგური.
264 _aთბილისი :
_bმეცნიერება,
_c1984.
300 _a381გვ. :
_bპორტრ. ილ. ;
_c22 სმ.
500 _aსაძიებლები : გვ. 325-332
520 _aპარალელური ტექსტი რუსულ ენაზე
653 _aქართული ენა
653 _aქართული კოლოები მთაში
700 _aძიძიგური, შოთა
_eრედაქტორი
_97774
942 _cBK
_2udc